The god Resheph in the ancient Near East
| Subtitles: | Reszef - bóg starożytnego Orientu <engl.> |
|---|---|
| Main Author: | |
| Format: | Print Book |
| Language: | English |
| Subito Delivery Service: | Order now. |
| Check availability: | HBZ Gateway |
| WorldCat: | WorldCat |
| Interlibrary Loan: | Interlibrary Loan for the Fachinformationsdienste (Specialized Information Services in Germany) |
| Published: |
Tübingen
Mohr Siebeck
2013
|
| In: |
Orientalische Religionen in der Antike (11)
Year: 2013 |
| Reviews: | The God Resheph in the Ancient Near East (2015) (Filitz, Judith E., 1984 -)
|
| Edition: | Engl. ed., rev. and updated version of the Polish publ. |
| Series/Journal: | Orientalische Religionen in der Antike
11 |
| Standardized Subjects / Keyword chains: | B
Resheph
/ Cult
/ History 3000 BC-100
|
| Further subjects: | B
Rešep (Canaanite deity)
B Middle East Religion B Thesis |
| Online Access: |
Inhaltstext (Publisher) Table of Contents |
MARC
| LEADER | 00000cam a2200000 c 4500 | ||
|---|---|---|---|
| 001 | 750391790 | ||
| 003 | DE-627 | ||
| 005 | 20251224184023.0 | ||
| 007 | tu | ||
| 008 | 130626s2013 gw ||||| m 00| ||eng c | ||
| 010 | |a 2013389149 | ||
| 015 | |a 13,A40 |2 dnb | ||
| 016 | 7 | |a 1035613557 |2 DE-101 | |
| 020 | |a 9783161524912 |c Leinen. : EUR 114.00 (DE) (freier Pr.), ca. EUR 113.10 (AT) (freier Pr.), ca. sfr 148.00 (freier Pr.) |9 978-3-16-152491-2 | ||
| 020 | |a 3161524918 |9 3-16-152491-8 | ||
| 024 | 3 | |a 9783161524912 | |
| 035 | |a (DE-627)750391790 | ||
| 035 | |a (DE-576)391077708 | ||
| 035 | |a (DE-599)DNB1035613557 | ||
| 035 | |a (OCoLC)931232965 | ||
| 035 | |a (OCoLC)855551964 | ||
| 040 | |a DE-627 |b ger |c DE-627 |e rakwb | ||
| 041 | |a eng | ||
| 044 | |c XA-DE-BW | ||
| 050 | 0 | |a BL1672.R4715 | |
| 082 | 0 | |a 202.113 |2 22/ger | |
| 082 | 0 | 4 | |a 200 |a 930 |q DNB |
| 082 | 0 | 4 | |a 230 |
| 084 | |a 6,22 |2 ssgn | ||
| 084 | |a 6,22 |a 1 |a 0 |2 ssgn | ||
| 084 | |a BC 7575 |q BVB |2 rvk |0 (DE-625)rvk/9684: | ||
| 084 | |a BC 8110 |q BVB |2 rvk |0 (DE-625)rvk/9707: | ||
| 084 | |a BC 8120 |2 rvk |0 (DE-625)rvk/9708: | ||
| 084 | |a 11.12 |2 bkl | ||
| 100 | 1 | |0 (DE-588)1041846622 |0 (DE-627)767857550 |0 (DE-576)39107766X |4 aut |a Münnich, Maciej M. |d 1973- | |
| 109 | |a Münnich, Maciej M. 1973- | ||
| 245 | 1 | 4 | |a The god Resheph in the ancient Near East |c Maciej M. Münnich |
| 246 | 3 | 3 | |a Reszef - bóg starożytnego Orientu <engl.> |
| 250 | |a Engl. ed., rev. and updated version of the Polish publ. | ||
| 264 | 1 | |a Tübingen |b Mohr Siebeck |c 2013 | |
| 300 | |a XIII, 320 S. |b Ill. |c 25 cm | ||
| 336 | |a Text |b txt |2 rdacontent | ||
| 337 | |a ohne Hilfsmittel zu benutzen |b n |2 rdamedia | ||
| 338 | |a Band |b nc |2 rdacarrier | ||
| 490 | 1 | |a Orientalische Religionen in der Antike |v 11 | |
| 500 | |a Literaturverz. S. [269] - 291 | ||
| 502 | |a Teilw. zugl.: @Lublin, Cath. Univ., Habil.-Schr., 2012 u.d.T.: Münnich, Maciej M.: Reszef - bóg starożytnego Orientu | ||
| 583 | 1 | |a Archivierung/Langzeitarchivierung gewährleistet |f PEBW |x XA-DE-BW |2 pdager |5 DE-24 | |
| 583 | 1 | |a Archivierung/Langzeitarchivierung gewährleistet |f SSG |x XA-DE-BW |2 pdager |5 DE-21 | |
| 583 | 1 | |a Archivierung/Langzeitarchivierung gewährleistet |f SSG |x XA-DE-BW |2 pdager |5 DE-21 | |
| 583 | 1 | |a Archivierung prüfen |c 20240324 |f DE-4165 |z 1 |2 pdager | |
| 650 | 0 | |a Rešep (Canaanite deity) | |
| 650 | 0 | |a Middle East |x Religion | |
| 655 | 7 | |a Hochschulschrift |0 (DE-588)4113937-9 |0 (DE-627)105825778 |0 (DE-576)209480580 |2 gnd-content | |
| 689 | 0 | 0 | |d p |0 (DE-588)119215101 |0 (DE-627)695802828 |0 (DE-576)211666602 |2 gnd |a Reschef |
| 689 | 0 | 1 | |d s |0 (DE-588)4033535-5 |0 (DE-627)104297913 |0 (DE-576)209002573 |2 gnd |a Kult |
| 689 | 0 | 2 | |q z |2 gnd |a Geschichte v3000-100 |
| 689 | 0 | |5 DE-101 | |
| 751 | |a Lublin |0 (DE-588)4036418-5 |0 (DE-627)106242709 |0 (DE-576)209018305 |4 uvp | ||
| 787 | 0 | 8 | |i Rezensiert in |a Filitz, Judith E., 1984 - |t The God Resheph in the Ancient Near East |d 2015 |w (DE-627)1797988336 |
| 830 | 0 | |a Orientalische Religionen in der Antike |v 11 |9 11 |w (DE-627)611731029 |w (DE-576)312455364 |w (DE-600)2521522-X |x 1869-0513 |7 am | |
| 856 | 4 | 2 | |u http://deposit.dnb.de/cgi-bin/dokserv?id=4358728&prov=M&dok_var=1&dok_ext=htm |m X: MVB |q text/html |v 2013-10-07 |x Verlag |3 Inhaltstext |7 1 |
| 856 | 4 | 2 | |u https://swbplus.bsz-bw.de/bsz391077708inh.htm |m B:DE-576;DE-21 |q application/pdf |v 20131004105315 |x Verlag |3 Inhaltsverzeichnis |7 1 |
| 935 | |i Blocktest | ||
| 936 | r | v | |a BC 7575 |b Reihen zur Orientalistik |k Theologie und Religionswissenschaften |k Bibelwissenschaft |k Biblische Theologie |k Sammelwerke |k Schriftenreihen |k Reihen zur Orientalistik |0 (DE-627)1270713256 |0 (DE-625)rvk/9684: |0 (DE-576)200713256 |
| 936 | r | v | |a BC 8110 |b Quellen |k Theologie und Religionswissenschaften |k Bibelwissenschaft |k Die orientalische Umwelt der Bibel |k Gesamter Biblischer Orient |k Religionsgeschichte |k Quellen |0 (DE-627)1270713361 |0 (DE-625)rvk/9707: |0 (DE-576)200713361 |
| 936 | r | v | |a BC 8120 |b Darstellungen |k Theologie und Religionswissenschaften |k Bibelwissenschaft |k Die orientalische Umwelt der Bibel |k Gesamter Biblischer Orient |k Religionsgeschichte |k Darstellungen |0 (DE-627)127071337X |0 (DE-625)rvk/9708: |0 (DE-576)20071337X |
| 936 | b | k | |a 11.12 |j Mesopotamische Religion |0 (DE-627)106404105 |
| 951 | |a BO | ||
| BIB | |a 1 | ||
| ELC | |b 1 | ||
| ITA | |a 1 |t 1 | ||
| LOK | |0 000 xxxxxcx a22 zn 4500 | ||
| LOK | |0 001 3102826253 | ||
| LOK | |0 003 DE-627 | ||
| LOK | |0 004 750391790 | ||
| LOK | |0 005 20131001130422 | ||
| LOK | |0 008 130920||||||||||||||||ger||||||| | ||
| LOK | |0 040 |a DE-21 |c DE-627 |d DE-21 | ||
| LOK | |0 852 |a DE-21 | ||
| LOK | |0 852 1 |c 53 A 7931 |9 00 | ||
| LOK | |0 935 |a theo |a vord | ||
| LOK | |0 936ln |a t16.1 | ||
| LOK | |0 938 |a 1310 |f 13 | ||
| LOK | |0 939 |a 20-09-13 |b l01 | ||
| LOK | |0 000 xxxxxcx a22 zn 4500 | ||
| LOK | |0 001 3102826377 | ||
| LOK | |0 003 DE-627 | ||
| LOK | |0 004 750391790 | ||
| LOK | |0 005 20140127104926 | ||
| LOK | |0 008 140127||||||||||||||||ger||||||| | ||
| LOK | |0 040 |a DE-21-31 |c DE-627 |d DE-21-31 | ||
| LOK | |0 541 |e 13/935 | ||
| LOK | |0 852 |a DE-21-31 | ||
| LOK | |0 852 1 |c Cc V 39 |m p |9 00 | ||
| LOK | |0 938 |a 1401 |f E3 | ||
| LOK | |0 938 |k p | ||
| LOK | |0 939 |a 27-01-14 |b l01 | ||
| LOK | |0 000 xxxxxcx a22 zn 4500 | ||
| LOK | |0 001 3102826385 | ||
| LOK | |0 003 DE-627 | ||
| LOK | |0 004 750391790 | ||
| LOK | |0 005 20150630105917 | ||
| LOK | |0 008 150527||||||||||||||||ger||||||| | ||
| LOK | |0 040 |a DE-21-11 |c DE-627 |d DE-21-11 | ||
| LOK | |0 541 |e A2015-082 | ||
| LOK | |0 852 |a DE-21-11 | ||
| LOK | |0 852 1 |c ÄGY R ORA 11 |m p |9 00 | ||
| LOK | |0 935 |a aori | ||
| LOK | |0 938 |a 1506 | ||
| LOK | |0 938 |k p | ||
| LOK | |0 939 |a 27-05-15 |b l01 | ||
| ORI | |a SA-MARC-ixtheoa001.raw | ||
| REL | |a 1 | ||
| STA | 0 | 0 | |a Cult,Cult,Worship,Resheph,Rešef |
| STB | 0 | 0 | |a Culte,Culte,Culte |
| STC | 0 | 0 | |a Culto,Culto |
| STD | 0 | 0 | |a Culto,Culto |
| STE | 0 | 0 | |a 祭礼,礼拜 |
| STF | 0 | 0 | |a 祭禮,禮拜 |
| STG | 0 | 0 | |a Culto,Culto |
| STH | 0 | 0 | |a Культ (мотив),Культ |
| STI | 0 | 0 | |a Λατρεία (μοτίβο),Λατρεία |
| SUB | |a BIB |a REL | ||
| SYG | 0 | 0 | |a Rešef,Raschaf,Reshef,Rashap,Resheph,Reshep,Rešep,Rechef,Resjef,Reseph , Resheph,Rešef , Kultus,Kultpraxis,Kulte |
| TIM | |a 099970000101_100001001231 |b Geschichte v3000-100 | ||



